Το ημερολόγιο της Άννας Φράνκ

Saved in:
Bibliographic Details
Main Author: Frank, Anne, 1929-1945
Other Authors: Μπόμπολη, Αγγελική (Translator)
Format: Book
Language:Greek
Dutch
Published: [χ.τ.] : Λειψία, [19--;]
Subjects:
Tags: Add Tag
No Tags, Be the first to tag this record!

MARC

LEADER 00000cam a2200000 i 4500
001 1/40228
008 070123q19501960 gre d
035 |l 10086782 
040 |a GR-MY-UA  |b gre  |e aacr 
041 1 |a gre  |h dut 
082 0 |a 839.318  |2 (21) 
100 1 |a Frank, Anne,   |d 1929-1945. 
245 1 3 |a Το ημερολόγιο της Άννας Φράνκ /  |c [Άννα Φράνκ] ; μετάφραση: Αγγελική Μπόμπολη 
260 |a [χ.τ.] :   |b Λειψία,   |c [19--;] 
300 |a 269 σ.;  |c 20 εκ. 
650 0 0 |a Jews  |x Persecutions  |z Netherlands  |z Amsterdam. 
700 1 |a Μπόμπολη, Αγγελική.  |4 trl 
852 |a INST  |b RHODES  |c KRI  |e 20070123  |h  839.318 FRA  |p 005400027190  |q 005400027190  |t BK  |y 0 
901 |a BIBL4-2007-1 
909 |a Ρ  |b 127523 
970 |a ΚΟΖΑ  |b ΜΑΡΙΑ  |z 2007/01/23